The bookshop the gate of angels the blue flower

Đã lưu trong:
书目详细资料
主要作者: Penelope Fitzgerald
格式: 图书
语言:Undetermined
出版: London Every man's library 2001
主题:
标签: 添加标签
没有标签, 成为第一个标记此记录!
Thư viện lưu trữ: Trung tâm Học liệu Trường Đại học Cần Thơ
LEADER 00498nam a2200169Ia 4500
001 CTU_47231
008 210402s9999 xx 000 0 und d
082 |a 813.52 
082 |b F553b/2001 
100 |a Penelope Fitzgerald 
245 4 |a The bookshop the gate of angels the blue flower 
245 0 |c Penelope Fitzgerald 
260 |a London 
260 |b Every man's library 
260 |c 2001 
650 |a american fiction - 20th century 
980 |a Trung tâm Học liệu Trường Đại học Cần Thơ